Comunicaciones argentinas /
Guardado en:
| Autor Principal: | |
|---|---|
| Formato: | |
| Series: | Ciencia y sociedad
|
| Materias: | |
| Etiquetas: |
Agregar Etiqueta
Sin Etiquetas, Sea el primero en etiquetar este registro!
|
| LEADER | 00837ngm a22002175g 4500 | ||
|---|---|---|---|
| 001 | CEM.cems021875 | ||
| 008 | 130507b1993##################0###0#####d | ||
| 005 | 20240918162846.0 | ||
| 245 | 1 | 0 | |a Comunicaciones argentinas / |c Siemens |
| 300 | |a 07 | ||
| 490 | 0 | |a Ciencia y sociedad | |
| 500 | |a En soporte VHS, consultar en ventanilla. | ||
| 505 | 0 | |a Centro "Siemens" en la Argentina. Líneas telefónicas. El mercado telefónico. Sistemas de producción. Seguros de calidad. Software de las centrales. Asistencia técnica. | |
| 538 | |a Soporte: VHS - Norma: Pal N - Color - Grabación DRD 1993 - Hitachi=5703 | ||
| 100 | 1 | |a Siemens | |
| 082 | 3 | 0 | |/ COM |
| 653 | |a COMUNICACIONES | ||
| 653 | |a TELEFONOS | ||
| 653 | |a SOFTWARE TELEFONICO | ||
| 653 | |a NIVEL SECUNDARIO | ||
| 859 | |a CEMS |b BIB. CEMS - Depto. Recursos Didacticos |h 301 |i COM |k DRD |p 518.12 |t Ej.1 | ||
